Die 62 besten Gitarristen der Welt - Statistiken

Allgemein
  • Dieses Quiz wurde 48 mal gespielt
  • Das Durchschnittsergebnis liegt bei 15 aus 62
Antwortstatistiken
Band(s) / Solo 🚩 Guitarist/-in % Korrekt
🎸 - Solist - 🇺🇸 Al Di Meola
70%
🎸 The J.... H...... Experience Jimmy Hendrix
67%
🎸 V.. H.... 🇳🇱 🇺🇸 Eddie Van Halen
65%
🎸 Dire Straits 🏴󠁧󠁢󠁳󠁣󠁴󠁿 Mark Knopfler
65%
🎸 Guns N'Roses 🇬🇧 Slash | Saul Hudson
63%
🎸 AC/DC 🌏 Angus Young
60%
🎸 Queen 🇬🇧 Brian May
60%
🎸 Cream 🇬🇧 Eric Clapton
56%
🎸 The Rolling Stones 🇬🇧 Keith Richards
53%
🎸 S...... 🇲🇽 🇺🇸 Carlos Santana
51%
🎸 Led Zeppelin🎸 The Yardbirds 🇬🇧 Jimmy Page
47%
🎸 Nirvana 🇺🇸 Kurt Cobain
47%
🎸 - Solist - 🇺🇸 Bo Diddley
44%
🎸 - Solist - 🇺🇸 B. B. King
42%
🎸 Pink Floyd 🇬🇧 David Gilmour
42%
🎸 U2 🇬🇧 The Edge | David H. Evans
42%
🎸 The W.... Stripes 🇺🇸 Jack White
37%
🎸 The Who 🇬🇧 Pete Townshend
33%
🎸 Red Hot Chili Peppers 🇺🇸 John Frusciante
28%
🎸 Black Sabbath 🇬🇧 Tony Iommi
28%
🎸 - Solist - 🇺🇸 Freddie King
26%
🎸 Deep Purple🎸 Rainbow 🎸 B........ 's Night 🇬🇧 Ritchie Blackmore
26%
🎸 - Solist - 🇺🇸 Albert King
23%
🎸 Exodus🎸 Metallica 🇺🇸 Kirk Hammet
23%
🎸 - Solist - 🇺🇸 Muddy Waters
23%
🎸 Quiet Riot🎸 Ozzy Osborne 🇺🇸 Randy Rhoads
23%
🎸 - Solist - 🇺🇸 Ry Cooder
23%
🎸 Rage Against The Machine 🇺🇸 Tom Morello
23%
🎸 A..... Brothers Band Duane Allman
21%
🎸 - Solist - 🇺🇸 Frank Zappa
21%
🎸 ZZ Top 🇺🇸 Billy Gibbons
19%
🎸 Fleetwood Mac 🇺🇸 Lindsey Buckingham
19%
🎸 Fleetwood Mac 🇬🇧 Peter Green
16%
🎸 F.... Z.... Band 🇺🇸 Steve Vai
16%
🎸 - Solist - 🇺🇸 Stevie Ray Vaughan | SRV
16%
🎸 - Solist - 🇺🇸 Chuck Berry
14%
🎸 The Doors 🇺🇸 Robbie Krieger
14%
🎸 The R...... 🇺🇸 Johnny Ramones
12%
🎸 Dream Theater 🇺🇸 John Petrucci
12%
🎸 - Solist - 🇺🇸 Les Paul
12%
🎸 - Solist - 🇺🇸 Prince
12%
🎸 Pink Floyd 🇬🇧 Syd Barrett
12%
🎸 Lynyrd Skynyrd 🇺🇸 Allen Collins
9%
🎸 The Yardbirds 🇬🇧 Jeff Beck
9%
🎸 Chickenfoot 🇺🇸 Joe Satriani
9%
🎸 Eagles 🇺🇸 Joe Walsh
9%
🎸 - Solist - 🇺🇸 Buddy Holly
7%
🎸 G... M.... 🇮🇪 Gary Moore
7%
🎸 - Solistin - 🇺🇸 Joan Baez
7%
🎸 King Crimson 🇬🇧 Robert Fripp
7%
🎸 The Runaways 🇬🇧 Lita Ford
5%
🎸 - Solist - 🇺🇸 Robert Johnson
5%
🎸 The Del Tones 🇺🇸 Dick Dale
2%
🎸 - Solist - 🇫🇷 Django Reinhardt
2%
🎸 - Solist - 🇪🇸 Paco de Lucia
2%
🎸 Alcatrazz🎸 Steeler 🇸🇪 Yingwie Malmsteen
2%
🎸 - Solist - 🇪🇸 Andrés Segovia
0%
🎸 - Solist - 🇺🇸 Boddy Guy
0%
🎸 The Shadows 🇬🇧 Hank Marvin
0%
🎸 - Solist - 🇬🇧 John McLauglin
0%
🎸 - Solist - 🇺🇸 Johnny Winter
0%
🎸 - Solistin - 🌏 Panagaris Orianthi
0%
Keine übereinstimmenden Quizze gefunden
Verteilung der Resultate
Anzahl Personen mit jedem Resultat
Perzentil nach korrekt beantworteten Fragen
Ihre Resultats-Entwicklung
Sie haben dieses Quiz noch nicht gespielt